Catálogo Biblioteca Central

El desapego actual de la sociedad frente al derecho (Registro nro. 232580)

Detalles MARC
000 -CABECERA
campo de control de longitud fija 01198naa a22001817a 4500
001 - NÚMERO DE CONTROL
campo de control 232580
003 - IDENTIFICADOR DEL NÚMERO DE CONTROL
campo de control ES-MaBCM
005 - FECHA Y HORA DE LA ÚLTIMA TRANSACCIÓN
campo de control 20260304113124.0
008 - CÓDIGOS DE INFORMACIÓN DE LONGITUD FIJA
campo de control de longitud fija 260304s2024 sp ||||| |||| 00| 0 spa d
040 ## - FUENTE DE LA CATALOGACIÓN
Centro transcriptor ES-MaBCM
100 1# - PUNTO DE ACCESO PRINCIPAL - NOMBRE DE PERSONA
Nombre de persona Otero Parga, Milagros M.
9 (RLIN) 34789
245 13 - MENCIÓN DE TÍTULO
Título El desapego actual de la sociedad frente al derecho
Mención de responsabilidad etc. Milagros Otero Parga
520 ## - SUMARIO, ETC.
Sumario etc. Vivimos en una sociedad que muestra un gran desapego hacia el Derecho. Los ciudadanos no confían ni en sus legisladores, ni en sus jueces, ni en sus gobernantes. Se sienten engañados. Esta situación, nefasta de por sí, produce efectos que atentan gravemente contra la democracia y el Estado de Derecho. Urge cambiar esa dinámica, y es necesario hacerlo pronto, pues de otro modo, la convivencia se degradará hasta tal punto que será difícil, sino imposible, asegurar una coexistencia en paz y justicia, y, por lo mismo, se verá comprometido el derecho de los ciudadanos a vivir en democracia.
650 #7 - PUNTO DE ACCESO ADICIONAL DE MATERIA--TÉRMINO DE MATERIA
Término de materia o nombre geográfico como elemento inicial Ciencia jurídica
9 (RLIN) 58276
650 #7 - PUNTO DE ACCESO ADICIONAL DE MATERIA--TÉRMINO DE MATERIA
Término de materia o nombre geográfico como elemento inicial Estado de Derecho
9 (RLIN) 58617
773 0# - ENLACE AL DOCUMENTO FUENTE
Lugar editor y fecha de publicación Madrid
Parte(s) relacionada(s) N. 3 (jul.-sept. 2024), p. 431-453 - Loc. S.055
Título Revista general de legislación y jurisprudencia
Número de control del registro relacionado 104585
942 ## - ELEMENTOS DE PUNTO DE ACCESO ADICIONAL (KOHA)
Fuente del sistema de clasificación o colocación Universal Decimal Classification
Tipo de ítem Koha Artículos de revistas
Existencias
Estado de retiro Estado de pérdida Fuente del sistema de clasificación o colocación Estado dañado No para préstamo Localización permanente Ubicación/localización actual Ubicación en estantería Fecha de adquisición Total de préstamos Fecha visto por última vez Precio válido a partir de Tipo de ítem Koha
    Universal Decimal Classification     Biblioteca Central del Ministerio de la Presidencia Biblioteca Central del Ministerio de la Presidencia Sala 04/03/2026   04/03/2026 04/03/2026 Artículos de revistas